Biblioteca y Centro de Documentación

Latinoamérica y el Magreb (Registro nro. 37102)

Detalles MARC
000 -CABECERA
Longitud fija campo de control 01087naa a2200277 c 4500
001 - NÚMERO DE CONTROL
Número de control 37102
003 - IDENTIFICADOR DE NÚMERO DE CONTROL
Identificador del número de control ES-MaCES
005 - FECHA Y HORA DE LA ÚLTIMA TRANSACCIÓN
Fecha y hora de la última transacción 20141221114145.0
008 - CAMPO FIJO DE DESCRIPCIÓN FIJA--INFORMACIÓN GENERAL
Códigos de información de longitud fija   060907n2006 sp t 000 | spa d
035 ## - NÚMERO DE CONTROL DEL SISTEMA
Número de control del sistema CES20060013767v
040 ## - FUENTE DE CATALOGACIÓN
Centro catalogador de origen ES-MaCES
Lengua de catalogación spa
Centro transcriptor ES-MaCES
100 1# - ENCABEZAMIENTO PRINCIPAL--NOMBRE PERSONAL
Nombre de persona Vagni, Juan José
9 (RLIN) 25387
245 10 - MENCIÓN DE TÍTULO
Título Latinoamérica y el Magreb
Resto del título : una relación en ascenso. Las oportunidades comerciales y el apoyo político en la cuestión saharaui, factores que favorecen las relaciones entre las dos regiones
Mención de responsabilidad, etc. Juan José Vagni
650 #4 - ASIENTO SECUNDARIO DE MATERIA--TÉRMINO DE MATERIA
Término de materia o nombre geográfico como elemento inicial Africa al sur del Sahara
9 (RLIN) 26792
650 #4 - ASIENTO SECUNDARIO DE MATERIA--TÉRMINO DE MATERIA
Término de materia o nombre geográfico como elemento inicial Marruecos
9 (RLIN) 26826
650 #4 - ASIENTO SECUNDARIO DE MATERIA--TÉRMINO DE MATERIA
Término de materia o nombre geográfico como elemento inicial América Latina
9 (RLIN) 26882
650 #4 - ASIENTO SECUNDARIO DE MATERIA--TÉRMINO DE MATERIA
Término de materia o nombre geográfico como elemento inicial Magreb
9 (RLIN) 30399
650 #4 - ASIENTO SECUNDARIO DE MATERIA--TÉRMINO DE MATERIA
Término de materia o nombre geográfico como elemento inicial cooperación internacional
9 (RLIN) 26635
650 #4 - ASIENTO SECUNDARIO DE MATERIA--TÉRMINO DE MATERIA
Término de materia o nombre geográfico como elemento inicial ayuda bilateral
9 (RLIN) 26637
650 #4 - ASIENTO SECUNDARIO DE MATERIA--TÉRMINO DE MATERIA
Término de materia o nombre geográfico como elemento inicial relaciones internacionales
9 (RLIN) 26675
653 10 - TÉRMINO DE INDEXACIÓN--NO CONTROLADO
Término no controlado Ciencias Sociales-Políticas
773 0# - ENTRADA DE DOCUMENTO FUENTE
Título Afkar
Parte(s) relacionada(s) n. 10 (primavera/verano 2006){55/1021 R. 065140}; p. 66-68
Número de control del registro relacionado (ES-MaCES)25975
Itemnumber del ítem fuente 78542
902 ## - CES. TIPO DE DOCUMENTO
Tipodoc (006$c Sirtex) ART Artículo de revista
942 ## - ELEMENTOS KOHA
Fuente de clasificaión o esquema Clasificación propia del CES
Koha [por defecto] tipo de item Artículos (1982-2017)
Parte de clasificación 7.0.

No hay ítems disponibles.

© CES, Consejo Económico y Social de España 2021